Odpowiedź zaczyna się na Ś - Statystyki

Ogólne statystyki
  • Ten quiz został rozwiązany 962 razy
  • Średni wynik to 13 z 18
Statystyki odpowiedzi
Pytanie Odpowiedź % Poprawnych
Po jakiej uroczystości dwoje ludzi (kobieta i mężczyzna) jadą na miesiąc miodowy? Ślub
97%
Największe (powierzchniowo) jezioro w Polsce. Śniardwy
95%
Bohaterowie tego serialu to m.in. Ferdynand K., jego syn Waldemar oraz sąsiad Marian P. Świat Według Kiepskich
92%
Morze, nad którym leżą takie państwa jak Włochy, Hiszpania, a nawet Algieria czy Tunezja. Śródziemne
89%
"Dzień ..." - film, z którego pochodzi słynne "To be, k***a, or not to be" oraz "Skąd wracają Litwini" Świra
87%
Owoc, którego odmiana to także obywatelka kraju bardzo przyjaznego Polsce Śliwka
86%
Element budowli bez którego sufit leżałby na podłodze. Ściana
79%
Insygniami czego były Czarna Różdżka, Kamień Wskrzeszenia i Peleryna Niewidka (w książkach o Harrym Potterze)? Śmierć
79%
Inne powiedzenie traktuje, że ta "czynność" to zdrowie. Śmiech
77%
Potoczna nazwa robaczka świętojańskiego Świetlik
72%
Inne jezioro, znane z ballad jednego z trzech wieszczów, twórcy Pana Tadeusza. Świteź
69%
Dzielnica niejednego miasta w Polsce. Śródmieście
68%
Jakie zwierzę znane jest z "zawijania czekolady w sreberka"? Świstak
66%
Potocznie odgłos ptaków "śpiewających". Świergot
61%
Słowiańskie bóstwo o 4 twarzach, zwróconych w 4 kierunkach świata Światowid/Świętowid
53%
Lektura szkolna z repertuaru J. B. Poquelina (Moliera). Świętoszek
50%
Jak potocznie nazywano mieszkańców domu Slytherina w Hogwarcie? (w książkach o Harrym Potterze) Ślizgoni
48%
W znanym przysłowiu, co dostaje Pan Bóg, jeżeli diabeł dostanie ogarek. Świeczka
34%
Nie znaleziono quizów pasujących do podanych kryteriów
Rozkład punktacji
Procent ludzi z każdym wynikiem
Percentyl według liczby udzielonych odpowiedzi
Twoja historia wyników
Nie rozwiązałeś tego quizu